00713nam a2200169 a 450000100100000000500170001000800410002704000250006808200150009311000600010824500710016826000380023930000210027795201120029895201180041099900150052800000671220200929153959.0090902s2008 dr 001 spa d aDO-SdBNPbspacBNPHU axxxbR434i1 aRepública Dominicana. Suprema Corte de Justicia9790610aResoluciones de interés general de la Suprema Corte de Justicia. aSanto Domingo, :bMargraf,c2008. a271 p. ;c22 cm. 0010718PDaPDbPDcCTd2009-09-02iLF1l0oxxx R434ip6712-10r2020-06-25w2020-06-25yLFPDZNo se presta 0010718PDaPDbPDcCTd2011-04-12iLF1l0oxxx R434ip6712-20r2020-06-25te. 2w2020-06-25yLFPDZNo se presta c6501d6501